Controversial Leaders Quiz Stats

Quiz Updated Apr 19, 2013

Also try: Tea or Tyrant?
Challenge
Share
Tweet
Embed
Score 0/30 Timer 05:00
0 Plays Today
% Correct
Germany
95.7%
Italy
94.2%
Cuba
94.2%
North Korea
92.4%
Iraq
91.6%
Libya
85.3%
North Vietnam
79.9%
Spain
77.6%
Iran
77.4%
Egypt
75.3%
Yugoslavia
74.5%
Cambodia
73.5%
Argentina
73.3%
Poland
73%
China
70.2%
% Correct
South Korea
67.8%
Syria
66.6%
Romania
62.9%
Uganda
61.9%
Chile
60.9%
Panama
59.8%
Zimbabwe
59.3%
Zaire (Dem. Rep. of Congo)
49.5%
Indonesia
46.6%
Turkmenistan
46.5%
Sudan
39.8%
Albania
37.1%
Portugal
36.4%
Fiji
36%
Paraguay
28.4%

You're not logged in!

Compare scores with friends on all Sporcle quizzes.
Sign Up with Email
OR
Log In

You Might Also Like...

Show Comments

Extras

Top Quizzes Today


Score Distribution

Your Account Isn't Verified!

In order to create a playlist on Sporcle, you need to verify the email address you used during registration. Go to your Sporcle Settings to finish the process.